Agent-based solution for flexible services

Bibliographic Details
Main Author: Paralič, Marek (Author)
Format: Article
Language:English
ISBN:8080860157

MARC

LEADER 00000naa a2200000uu 4500
001 vtls011037133
003 SK-MaSNL
005 20260302124311.0
008 210907|2005 xo |||||||||||||||||eng|
015 |a SNBRA 
035 |a (urnnbn)urn:nbn:sk:snk:ar-008v2r 
035 |a (uuid)bbb60029-d577-4272-9522-ccccaba4fe6a 
035 |a urn:nbn:sk:snk-aauqr7 
040 |a SNKBUCL  |b slo  |c SNKBUCL  |e AACR2 
041 0 |a eng 
044 |a xo  |c SK 
100 1 |a Paralič, Marek  |4 aut  |9 319285 
245 1 0 |a Agent-based solution for flexible services  |c Marek Paralič 
773 0 |t WDA `2005  |d Košice : Elfa Academic Press, 2005  |g S. 1-9  |z 8080860157 
958 |a OND 
958 |a article12 
958 |a chapter 
999 |c 1287115  |d 1289045